书目信息 |
| 题名: |
蛋白质组学
|
|
| 作者: | 钱小红 , 贺福初 主编 | |
| 分册: | ||
| 出版信息: | 北京 科学出版社 2003 |
|
| 页数: | 343页 | |
| 开本: | 24cm | |
| 丛书名: | 生命科学前言丛书 | |
| 单 册: | ||
| 中图分类: | Q51 | |
| 科图分类: | ||
| 主题词: | 蛋白质--基因组--研究 | |
| 电子资源: | ||
| ISBN: | 7-03-010864-7 | |
| 000 | 00877oam2 2200265 45 | |
| 001 | 002381009 | |
| 005 | 20050331164148.3 | |
| 010 | @a7-03-010864-7@dCNY45.00 | |
| 100 | @a20030623d2003 kemy0chiy0110 ea | |
| 101 | 0 | @achi |
| 102 | @aCN@b110000 | |
| 105 | @ay z 000yy | |
| 200 | 1 | @a蛋白质组学@Adan bai zhi zu xue@e理论与方法@f钱小红,贺福初主编@FQian Xiao Hong,He Fu Chu Zhu Bian |
| 210 | @a北京@c科学出版社@d2003 | |
| 215 | @a343页@d24cm | |
| 225 | 2 | @a生命科学前言丛书 |
| 300 | @a中国科学院科学出版基金资助出版 | |
| 330 | @a本书从蛋白质组与蛋白质组学的基本概念入手,介绍了之一领域的诞生与发展,并以具体的研究成果为例,介绍了相关技术及应用进展。 | |
| 410 | @12001 @a生命科学前言丛书 | |
| 606 | 0 | @a蛋白质@x基因组@x研究 |
| 690 | @aQ51@v4 | |
| 701 | 0 | @a钱小红@4主编 |
| 701 | 0 | @a贺福初@4主编 |
| 801 | 0 | @aCN@bNLC@c20030930 |
| 905 | @f2@b347364-365@dQ51@e86 | |
| 蛋白质组学:理论与方法/钱小红,贺福初主编.-北京:科学出版社,2003 |
| 343页;24cm.-(生命科学前言丛书) |
| 中国科学院科学出版基金资助出版 |
| ISBN 7-03-010864-7:CNY45.00 |
| 本书从蛋白质组与蛋白质组学的基本概念入手,介绍了之一领域的诞生与发展,并以具体的研究成果为例,介绍了相关技术及应用进展。 |
| ● |
| 相关链接 |
|
|
|
|
正题名:蛋白质组学
索取号:Q51/86
 
预约/预借
| 序号 | 登录号 | 条形码 | 馆藏地/架位号 | 状态 | 备注 |
| 1 | 0347364 | 203473641 | 第二样本阅览室/ [索取号:Q51/86] | 在馆 | |
| 2 | 0347365 | 203473650 | 第三借阅区/ [索取号:Q51/86] | 在馆 | |
| 3 | 0357827 | 3578275 | 第三借阅区/ [索取号:Q51/86] | 在馆 | |
| 4 | 0357828 | 3578284 | 第三借阅区/ [索取号:Q51/86] | 在馆 | |
| 5 | 0357829 | 3578293 | 第三借阅区/ [索取号:Q51/86] | 在馆 | |
| 6 | 0357830 | 3578300 | 第三借阅区/ [索取号:Q51/86] | 在馆 | |
| 7 | 0357831 | 3578319 | 第三借阅区/ [索取号:Q51/86] | 在馆 |